00589nam a22001937a 450000500170000001000110001702000100002803500110003803700160004904000120006508200130007710000310009024501020012126000550022327000640027830000250034265000150036765000130038220170124110211.0 a770211 c20.00 a770211 bCen Lib/Ret aDPLbEN a238bSAR aSaraswati, Swami Dayananda aLight of truht or, an English translation of the Satyarth Prakash /cby Swami Dayananda Saraswati bSarvadeshik Arya Pratinidhi SabhaaNew Delhic1975 bNew DelhiaMaharshi Dayanand Bhawan, Ramlila Grounde110001 avii,732p. c22cm(Hb) aArya-Samaj aHinduism